| 000 | 03575nas a2200433 i 4500 | ||
|---|---|---|---|
| 001 | 173130 | ||
| 003 | ES-MaACL | ||
| 005 | 20251118180655.0 | ||
| 007 | t| | ||
| 008 | 091105c18681878sp a| | 1 ||pa d | ||
| 080 | _a5:061.12(460) | ||
| 110 | 2 |
_aReal Academia de Ciencias Exactas, Físicas y Naturales de España. _9175635 |
|
| 245 | 1 | 0 |
_aDiscursos leídos ante la Real Academia de Ciencias Exactas, Físicas y Naturales _g1868-1878. |
| 260 |
_aMadrid : _b[s. n.], _c1868 ( _fImp. y Lib. de Eusebio Aguado) |
||
| 300 |
_a1 v. ; _c26 cm. |
||
| 505 | 8 | _aContiene: T. I: Historia de la zoología en España / Laureano Pérez Arcas (37 p.). Contestación / Nicolás Casas de Mendoza (p. 38-51). Cálculo de probabilidades / Miguel Merino (82 p.). Contestación / Antonio Aguilar (p. 83-103). Algunas consideraciones referentes a la constitución o formación del individuo o la especie en química / Magín Bonet y Bonfill (76 p.). Contestación / Eduardo Rodríguez (p. 77- 120). Sistemas y métodos de enseñanza de las matemáticas / Pedro Alcántara de la Llave (50 p.). Contestación / Carlos Ibáñez (p. 51-68). Breve reseña de la historia de las ciencias naúticas en nuestra Península / Francisco de Paula Márquez y Roco (67 p.). Contestación / Antonio Aguilar y Vela (p. 68-94). Importancia y altísima significación de los estudios paleontológicos en todos los conceptos considerados / Juan Vilanova y Piera (40 p.). Contestación / Sandalio de Pereda (p. 41-57). Algunos puntos de zoología aplicada / Ramón Llorente y Lázaro (55 p.). Contestación / Mariano de la Paz Graells (p. 57-98). Progresos verificados en el conocimiento de la reproducción de los vegetales y en especial en el de la fecundación de las plantas fenerógamas / Máximo Laguna (32 p.). Contestación / Mariano de la Paz Graells (p. 33-58). Bosquejo sobre el origen y progresos de la botánica / Esteban Boutelou (45 p.). Contestación / Miguel Colmeiro (p. 47-78). Algunas consideraciones acerca de la fauna malacológica de la Península / Joaquín González Hidalgo (46 p.). Contestación / Mariano de la Paz Graells (p. 47-100). La influencia que ha podido ejercer en ciertos fenómenos geológicos el movimiento molecular debido a las acciones eléctricas / Manuel Fernández de Castro (81 p.). Contestación / José de Echegaray (p. 83-108). | |
| 700 | 1 |
_aIbáñez de Ibero, Carlos, _cMarqués de Mulhacén, _d1888-1966 _9151481 |
|
| 700 | 1 |
_aVilanova y Piera, Juan, _d1821-1893 _9114785 |
|
| 700 | 1 |
_aEchegaray, José, _d1832-1916 _946526 |
|
| 700 | 1 |
_aFernández de Castro, Manuel, _d1825-1895 _949645 |
|
| 700 | 1 |
_aPérez Arcas, Laureano, _d1822-1894 _9131453 |
|
| 700 | 1 |
_aCasas de Mendoza, Nicolás. _9126372 |
|
| 700 | 1 |
_aMerino, Miguel, _d1831-1905 _9129856 |
|
| 700 | 1 |
_aAguilar, Antonio _c(jurisconsulto) _918683 |
|
| 700 | 1 |
_aBonet y Bonfill, Magín. _930137 |
|
| 700 | 1 |
_aRodríguez, Eduardo, _d1815-1881 _9175901 |
|
| 700 | 1 |
_aAlcántara de la Llave, Pedro _9125594 |
|
| 700 | 1 |
_aMarquez y Roco, Francisco de Paula. _9129531 |
|
| 700 | 1 |
_aAguilar y Vela, Antonio, _d1820-1882 _918755 |
|
| 700 | 1 |
_aPereda y Martínez, Sandalio de, _d1822-1886 _990459 |
|
| 700 | 1 |
_aLlorente Lázaro, Ramón, _d1820-1880 _9128508 |
|
| 700 | 1 |
_aGraells, Mariano de la Paz, _d1809-1898 _9127520 |
|
| 700 | 1 |
_aLaguna, Máximo, _d1826-1902 _969621 |
|
| 700 | 1 |
_aBoutelou, Esteban. _931053 |
|
| 700 | 1 |
_aColmeiro, Miguel, _d1816-1901 _939771 |
|
| 700 | 1 |
_aGonzález Hidalgo, Joaquín, _d1839-1923 _9127415 |
|
| 852 |
_aES-MaACL _jK-203 |
||
| 999 |
_c173130 _d173130 |
||